[Event "Hong Kong-ch prel"]
[Site "Hong Kong"]
[Date "2015.01.19"]
[Round "3"]
[White "Ho, Nok Hang Jonathan"]
[Black "Ching, Mason"]
[Result "0-1"]
[WhiteElo "1602"]
[BlackElo "1533"]
[PlyCount "86"]
[EventDate "2015.01.05"]
[EventType "swiss"]
[EventRounds "9"]
[EventCountry "HKG"]
[SourceTitle "EXT 2016"]
[Source "ChessBase"]
[SourceDate "2015.10.08"]
[SourceVersion "1"]
[SourceVersionDate "2015.10.08"]
[SourceQuality "1"]

1. e4 c5 2. Nf3 e6 3. d4 cxd4 4. Nxd4 Nc6 5. Nc3 Qc7 6. Ndb5 Qb8 7. Be3 a6 8. Nd4 Nf6 9. Be2 Bb4 10. Bd3 Ne5 11. f4 Nxd3+ 12. cxd3 b5 13. 0-0 Bb7 14. Rc1 0-0 15. Qf3 d6 16. Qg3 Kh8 17. Qh4 Qd8 18. Qh3 Nd7 19. f5 e5 20. Nf3 Bc5 21. d4 exd4 22. Bxd4 Bxd4+ 23. Nxd4 Nf6 24. Rce1 Rc8 25. Rf4 Re8 26. Rh4 Qb6 27. Qd3 Rc4 28. Rd1 Rec8 29. Kh1 b4 30. Nce2 Qc7 31. Kg1 d5 32. exd5 Bxd5 33. Nf4 Be4 34. Qe3 Re8 35. Qh3 Rxd4 36. Rxd4 Qc1+ 37. Kf2 Bxf5 38. Qb3 Qe1+ 39. Kf3 Be4+ 40. Rxe4 Qxe4+ 41. Kg3 Qe1+ 42. Kf3 Qxh4 43. Qxf7 Qg4+ 0-1